[Event "Portugal Open 2020"]
[Site "Lisboa POR"]
[Date "2020.01.31"]
[Round "8.65"]
[White "Hendrix, Joachim"]
[Black "Alves, Fernando"]
[Result "1-0"]
[WhiteElo "1868"]
[BlackElo "1702"]
[WhiteFideId "12958557"]
[BlackFideId "1905678"]
[WhiteCountry "GER"]
[BlackCountry "POR"]
[PlyCount "75"]
[EventDate "2020.01.25"]

1. Nf3 Nf6 2. g3 g6 3. Bg2 Bg7 4. O-O O-O 5. d3 d5 6. Nbd2 c5 7. e4 d4 8. Nc4
Nc6 9. a4 Bg4 10. h3 Bxf3 11. Qxf3 Nd7 12. Qe2 Na5 13. Nd2 Rc8 14. b3 Qb6 15.
Rb1 Rfe8 16. h4 e6 17. h5 gxh5 18. Qxh5 e5 19. Bh3 Nf6 20. Qh4 Rc6 21. Nf3 c4
22. g4 Nxe4 23. dxe4 cxb3 24. Bd2 a6 25. Bxa5 Qxa5 26. cxb3 Rc3 27. Kg2 Qb4 28.
g5 Qe7 29. Bf5 Rc6 30. Qxh7+ Kf8 31. Qh3 Rc3 32. Rbc1 Qb4 33. g6 d3 34. gxf7 Re7
35. Bg6 d2 36. Rxc3 Qxc3 37. Rd1 Rxf7 38. Bxf7 1-0

[Event "Portugal Open 2020"]
[Site "Lisboa POR"]
[Date "2020.01.31"]
[Round "8.66"]
[White "Marcos Herrero, Francisco"]
[Black "Counhago, Edgar"]
[Result "1-0"]
[WhiteElo "1861"]
[BlackElo "1682"]
[WhiteFideId "2279045"]
[BlackFideId "1964275"]
[WhiteCountry "ESP"]
[BlackCountry "POR"]
[PlyCount "45"]
[EventDate "2020.01.25"]

1. c4 c5 2. g3 Nf6 3. Bg2 g6 4. Nf3 Bg7 5. O-O Nc6 6. Nc3 O-O 7. d4 cxd4 8. Nxd4
a6 9. Bg5 Qa5 10. h4 h5 11. Rc1 Nxd4 12. Qxd4 Nh7 13. Qe3 Nxg5 14. hxg5 Bxc3 15.
Rxc3 Re8 16. a3 d6 17. Rd1 Be6 18. Bxb7 Rab8 19. Bd5 Rxb2 20. Bxe6 fxe6 21.
Qxe6+ Kg7 22. Rf3 Qxg5 23. Qf7+ 1-0

[Event "Portugal Open 2020"]
[Site "Lisboa POR"]
[Date "2020.01.31"]
[Round "8.67"]
[White "Coelho, Pedro"]
[Black "Dong, Rafael"]
[Result "0-1"]
[WhiteElo "1856"]
[BlackElo "1656"]
[WhiteFideId "1905694"]
[BlackFideId "1958038"]
[WhiteCountry "POR"]
[BlackCountry "POR"]
[PlyCount "72"]
[EventDate "2020.01.25"]

1. Nf3 d5 2. b3 Bf5 3. Bb2 Nf6 4. g3 e6 5. Bg2 Be7 6. O-O O-O 7. d3 h6 8. Nbd2
c5 9. c4 Nc6 10. Nh4 Bh7 11. f4 Ng4 12. e4 Ne3 13. Qh5 Nxf1 14. Rxf1 dxe4 15.
Qg4 Nd4 16. dxe4 Bf6 17. e5 Bxh4 18. gxh4 Bf5 19. Qh5 g6 20. Qxh6 Ne2+ 21. Kh1
Qxd2 22. Ba3 Qd4 23. h5 Be4 24. Qg5 Bxg2+ 25. Kxg2 Qe4+ 26. Kh3 Qf5+ 27. Qxf5
exf5 28. hxg6 fxg6 29. Bxc5 Rfd8 30. Kh4 Kg7 31. Kh3 Rd2 32. Be7 Rh8+ 33. Kg2
Nxf4+ 34. Kf3 Rh3+ 35. Kxf4 Rd4+ 36. Kg5 Rg4# 0-1

[Event "Portugal Open 2020"]
[Site "Lisboa POR"]
[Date "2020.01.31"]
[Round "8.68"]
[White "Barros, Arlindo"]
[Black "Reis, Luis"]
[Result "0-1"]
[WhiteElo "1671"]
[BlackElo "1855"]
[WhiteFideId "23600640"]
[BlackFideId "1901940"]
[WhiteCountry "CPV"]
[BlackCountry "POR"]
[PlyCount "158"]
[EventDate "2020.01.25"]

1. e4 e6 2. d4 d5 3. exd5 exd5 4. Nf3 Bd6 5. Bd3 Ne7 6. O-O O-O 7. Re1 Bf5 8.
Bg5 f6 9. Be3 c6 10. c3 Be4 11. Bxe4 dxe4 12. Nfd2 Qc7 13. g3 f5 14. Nc4 Nd5 15.
Nxd6 Qxd6 16. Qb3 Nd7 17. Nd2 Kh8 18. Nc4 Qc7 19. Bd2 b5 20. Ne3 Nxe3 21. Bxe3
Nb6 22. Bf4 Qd7 23. Rad1 a5 24. h4 Rae8 25. h5 h6 26. Qc2 Qf7 27. Qe2 Nd5 28.
Bd6 Rg8 29. Be5 Nf6 30. Bxf6 gxf6 31. Qe3 Qxh5 32. Kg2 Qg5 33. Qxg5 fxg5 34. d5
c5 35. d6 Re5 36. d7 Rd8 37. Rh1 Re6 38. Rd5 f4 39. Rhd1 Re7 40. g4 e3 41. fxe3
fxe3 42. Rd6 e2 43. Re1 Rdxd7 44. Rxd7 Rxd7 45. Rxe2 Kg7 46. Rf2 b4 47. cxb4
cxb4 48. b3 Kg6 49. Kg3 Rd3+ 50. Kg2 h5 51. gxh5+ Kxh5 52. Rc2 Rc3 53. Rd2 Kh4
54. Rd4+ Kh5 55. Rd2 Kg4 56. Rd4+ Kh5 57. Rd2 Kg6 58. Rf2 Re3 59. Kh2 Re5 60.
Kg3 Rf5 61. Rc2 Kf6 62. Kg4 Rd5 63. Rc6+ Ke7 64. Rc2 Kd6 65. Kg3 Rc5 66. Rd2+
Kc6 67. Kg4 Kb5 68. Kg3 a4 69. Kg2 axb3 70. axb3 Rc3 71. Rd5+ Kc6 72. Rxg5 Rxb3
73. Kf2 Rd3 74. Ke2 Rd7 75. Ke1 b3 76. Rg2 Kb5 77. Rd2 Rxd2 78. Kxd2 Kb4 79. Kc1
Ka3 0-1

[Event "Portugal Open 2020"]
[Site "Lisboa POR"]
[Date "2020.01.31"]
[Round "8.69"]
[White "Silva, Tiago Alexandre"]
[Black "Garcia Salvador, Carlos"]
[Result "1-0"]
[WhiteElo "1855"]
[BlackElo "1650"]
[WhiteFideId "1935321"]
[BlackFideId "54555310"]
[WhiteCountry "POR"]
[BlackCountry "ESP"]
[PlyCount "51"]
[EventDate "2020.01.25"]

1. e4 c5 2. c4 Nc6 3. Nc3 e6 4. g3 d6 5. Bg2 Nf6 6. Nge2 e5 7. d3 Be7 8. a3 Bd7
9. Rb1 a5 10. Nd5 Rb8 11. Nec3 Nd4 12. O-O b5 13. f4 b4 14. axb4 axb4 15. Nxf6+
Bxf6 16. Nd5 O-O 17. Be3 Ne6 18. Nxf6+ gxf6 19. f5 Ng7 20. Bh6 Kh8 21. g4 Rg8
22. Rf3 Ra8 23. Qe1 Ne8 24. Qh4 Ng7 25. Rh3 Ra2 26. Bg5 1-0

[Event "Portugal Open 2020"]
[Site "Lisboa POR"]
[Date "2020.01.31"]
[Round "8.70"]
[White "Tieres, Cristiano"]
[Black "Dong, Fábio"]
[Result "1-0"]
[WhiteElo "1852"]
[BlackElo "1623"]
[WhiteFideId "1924931"]
[BlackFideId "1958020"]
[WhiteCountry "POR"]
[BlackCountry "POR"]
[PlyCount "41"]
[EventDate "2020.01.25"]

1. d4 d5 2. c4 e6 3. Nc3 Nf6 4. cxd5 exd5 5. Bg5 c6 6. e3 Be7 7. Qc2 h6 8. Bh4
Ne4 9. Bxe7 Qxe7 10. Nxd5 cxd5 11. Qxc8+ Qd8 12. Bb5+ Ke7 13. Qxb7+ Kf8 14. a3
a6 15. Qxa8 Qa5+ 16. b4 Qxb5 17. Rc1 Kg8 18. f3 Nf6 19. Qa7 Kh7 20. Qc5 Qd3 21.
Qc2 1-0

[Event "Portugal Open 2020"]
[Site "Lisboa POR"]
[Date "2020.01.31"]
[Round "8.71"]
[White "Taylor, Robert Graham"]
[Black "Barros, Luís"]
[Result "1-0"]
[WhiteElo "1844"]
[BlackElo "1619"]
[WhiteFideId "1800841"]
[BlackFideId "23600110"]
[WhiteCountry "WLS"]
[BlackCountry "CPV"]
[PlyCount "109"]
[EventDate "2020.01.25"]

1. e4 e6 2. d3 d5 3. Nd2 Nf6 4. g3 Nc6 5. Bg2 Bc5 6. Nh3 e5 7. exd5 Nxd5 8. Ne4
Bb6 9. O-O Bf5 10. Nc3 Nce7 11. Nxd5 Nxd5 12. Ng5 c6 13. Ne4 Qd7 14. Qh5 g6 15.
Qh4 h6 16. Nf6+ Nxf6 17. Qxf6 Rh7 18. Qxe5+ Be6 19. Be3 h5 20. h4 Bc7 21. Qg5
Bd8 22. Qe5 f6 23. Qd4 Qf7 24. Rfe1 Bb6 25. Qc3 Rd8 26. Bxb6 axb6 27. Qb4 g5 28.
Rxe6+ Kd7 29. Rae1 Kc8 30. Qxb6 gxh4 31. Bxc6 hxg3 32. Bxb7+ Qxb7 33. Qxb7+ Rxb7
34. b3 Rc7 35. R1e2 gxf2+ 36. Rxf2 Rg8+ 37. Kh2 Rg6 38. Rg2 Rh6 39. a4 Kd7 40.
Ra6 Rc8 41. b4 h4 42. b5 h3 43. Rg7+ Ke8 44. Rg8+ Kd7 45. Ra7+ Ke6 46. Rxc8 Kf5
47. Rg7 Kf4 48. b6 f5 49. b7 Ke3 50. b8=Q Re6 51. Qb4 Kf3 52. Rg3+ Kf2 53. Qd2+
Re2 54. Qxe2+ Kxe2 55. a5 1-0

[Event "Portugal Open 2020"]
[Site "Lisboa POR"]
[Date "2020.01.31"]
[Round "8.72"]
[White "Dias, José"]
[Black "Gomes, José Luis"]
[Result "1/2-1/2"]
[WhiteElo "1593"]
[BlackElo "1819"]
[WhiteFideId "1923943"]
[BlackFideId "1901710"]
[WhiteCountry "POR"]
[BlackCountry "POR"]
[PlyCount "110"]
[EventDate "2020.01.25"]

1. d4 d5 2. Bf4 Nf6 3. e3 g6 4. Be2 Bg7 5. Nd2 O-O 6. h4 h5 7. Ngf3 Bf5 8. Ne5
Nbd7 9. Ndf3 Ng4 10. Nxd7 Qxd7 11. Ne5 Nxe5 12. dxe5 Rfd8 13. c3 c5 14. f3 Qe6
15. Qb3 Bxe5 16. Bxe5 Qxe5 17. Kf2 d4 18. cxd4 cxd4 19. e4 Be6 20. Qd3 Rac8 21.
Qd2 d3 22. Bd1 Qd4+ 23. Kg3 Rc7 24. Rf1 Qe5+ 25. Qf4 Qxf4+ 26. Kxf4 f5 27. exf5
Bxf5 28. Bb3+ Kg7 29. Rad1 Kf6 30. Rd2 Rd4+ 31. Kg3 b5 32. f4 Bg4 33. Re1 a5 34.
a3 a4 35. Bd1 Bxd1 36. Rexd1 Rcd7 37. Kf3 Kf5 38. g3 e5 39. fxe5 Kxe5 40. Re1+
Kf5 41. Re8 Rc4 42. Rb8 Rd5 43. Rf8+ Ke6 44. Re8+ Kd7 45. Rg8 Rc2 46. Rg7+ Kc6
47. Rxg6+ Kc5 48. Ke3 Rxd2 49. Kxd2 Kc4 50. Rg5 Rxg5 51. hxg5 Kd5 52. Kxd3 Ke5
53. g6 Kf6 54. Ke4 Kxg6 55. Kf4 Kf6 1/2-1/2

[Event "Portugal Open 2020"]
[Site "Lisboa POR"]
[Date "2020.01.31"]
[Round "8.74"]
[White "Avelino, Camila"]
[Black "Palhas, Miguel Brando"]
[Result "1-0"]
[WhiteElo "1802"]
[BlackElo "1490"]
[WhiteFideId "1938975"]
[BlackFideId "1961349"]
[WhiteCountry "POR"]
[BlackCountry "POR"]
[PlyCount "39"]
[EventDate "2020.01.25"]

1. e4 d5 2. exd5 Qxd5 3. Nc3 Qd6 4. d4 Nf6 5. Bc4 a6 6. a4 Nc6 7. Nge2 Bf5 8.
Bf4 Qb4 9. Bd3 Bxd3 10. Qxd3 O-O-O 11. O-O-O e5 12. Qf5+ Kb8 13. dxe5 Qc5 14.
Rxd8+ Nxd8 15. Qd3 Be7 16. exf6 Bxf6 17. Ne4 Bxb2+ 18. Kxb2 Qb4+ 19. Kc1 Qxa4
20. Qd4 1-0

[Event "Portugal Open 2020"]
[Site "Lisboa POR"]
[Date "2020.01.31"]
[Round "8.75"]
[White "Terwagne, Bertrand"]
[Black "Abdurramane, Dánial"]
[Result "0-1"]
[WhiteElo "1796"]
[BlackElo "1499"]
[WhiteFideId "243078"]
[BlackFideId "1962523"]
[WhiteCountry "BEL"]
[BlackCountry "POR"]
[PlyCount "58"]
[EventDate "2020.01.25"]

1. Nf3 Nf6 2. c4 c5 3. g3 g6 4. Bg2 Bg7 5. O-O O-O 6. Nc3 Nc6 7. d4 cxd4 8. Nxd4
Qb6 9. Nc2 d6 10. b3 Bd7 11. Bb2 Na5 12. Ne3 Bc6 13. Ned5 Nxd5 14. Bxd5 e6 15.
Bxc6 bxc6 16. Na4 Qc7 17. Bxg7 Kxg7 18. Qd4+ e5 19. Qc3 Nb7 20. e4 Nd8 21. Rad1
Ne6 22. c5 dxc5 23. Nxc5 Nd4 24. Qb2 Rfd8 25. Rd3 Qa5 26. b4 Qb5 27. f4 Rab8 28.
a3 Qxc5 29. Qf2 Ne2+ 0-1

[Event "Portugal Open 2020"]
[Site "Lisboa POR"]
[Date "2020.01.31"]
[Round "8.76"]
[White "Oliveira, Fernando Alves"]
[Black "Santos, Isabel P"]
[Result "0-1"]
[WhiteElo "1574"]
[BlackElo "1782"]
[WhiteFideId "1947869"]
[BlackFideId "1921681"]
[WhiteCountry "POR"]
[BlackCountry "POR"]
[PlyCount "74"]
[EventDate "2020.01.25"]

1. d4 d5 2. e3 Nf6 3. Bd3 c6 4. Nd2 Nbd7 5. Ngf3 e6 6. O-O c5 7. c4 Be7 8. cxd5
Nxd5 9. dxc5 Nxc5 10. Bb5+ Bd7 11. Bxd7+ Qxd7 12. Ne5 Qc7 13. Ndf3 O-O 14. Bd2
Bf6 15. Ng4 Bxb2 16. Rb1 Bf6 17. Nxf6+ Nxf6 18. Qc2 b6 19. Rb4 Rac8 20. Qb1 Ncd7
21. Rc1 Qb8 22. Rh4 Rxc1+ 23. Bxc1 Rc8 24. Ba3 Qc7 25. g4 Qc2 26. Qb5 Ne4 27.
Qf1 Qxa2 28. Bb4 Qc4 29. Qh3 Qxb4 30. Rxh7 Rc1+ 31. Kg2 Kf8 32. Qh4 Nef6 33.
Rh8+ Ke7 34. Nd4 Qb1 35. g5 Rg1+ 36. Kf3 Ne5+ 37. Kf4 Qe4# 0-1

[Event "Portugal Open 2020"]
[Site "Lisboa POR"]
[Date "2020.01.31"]
[Round "8.77"]
[White "Santos, Ana P"]
[Black "Aguiar, Carlos"]
[Result "0-1"]
[WhiteElo "1543"]
[BlackElo "1764"]
[WhiteFideId "1921550"]
[BlackFideId "1902571"]
[WhiteCountry "POR"]
[BlackCountry "POR"]
[PlyCount "68"]
[EventDate "2020.01.25"]

1. e4 c5 2. Nf3 Nc6 3. d4 cxd4 4. Nxd4 Nf6 5. Nc3 a6 6. Bc4 e6 7. Bg5 Be7 8. f4
Qc7 9. Qd2 b5 10. Nxc6 Qxc6 11. Bd3 b4 12. Bxf6 Bxf6 13. Nd1 a5 14. a3 Be7 15.
O-O Bb7 16. Kh1 O-O 17. Ne3 Rad8 18. Nc4 Qc7 19. Rf3 f5 20. e5 Bxf3 21. gxf3 d5
22. Ne3 bxa3 23. bxa3 Rb8 24. c4 d4 25. Nc2 Bc5 26. h4 Rb2 27. h5 Rfb8 28. Qe1
Qf7 29. Qh4 Rb1+ 30. Rxb1 Rxb1+ 31. Kh2 Be7 32. Qh3 Rd1 33. Be2 Rd2 34. Qg2 Rxc2
0-1

[Event "Portugal Open 2020"]
[Site "Lisboa POR"]
[Date "2020.01.31"]
[Round "8.78"]
[White "Zilles, Paul"]
[Black "Mões Joaquim, Carlos"]
[Result "1-0"]
[WhiteElo "1761"]
[BlackElo "1396"]
[WhiteFideId "205990"]
[BlackFideId "1928104"]
[WhiteCountry "BEL"]
[BlackCountry "CPV"]
[PlyCount "57"]
[EventDate "2020.01.25"]

1. f4 e6 2. Nf3 Nc6 3. b3 d5 4. Bb2 Nf6 5. e3 Be7 6. c4 a6 7. cxd5 Qxd5 8. Nc3
Qf5 9. Be2 Bd7 10. h3 Nb4 11. O-O h6 12. Nd4 Qh7 13. a3 Nd3 14. Qc2 Nxb2 15.
Qxb2 c5 16. Nf3 g5 17. Ne5 Qg7 18. Na4 Bb5 19. Bxb5+ axb5 20. Nb6 Rd8 21. a4 b4
22. Rad1 O-O 23. Qc2 Nd5 24. Nbd7 Rfe8 25. fxg5 Rxd7 26. Rxf7 Qxf7 27. Nxf7 Kxf7
28. Qh7+ Kf8 29. Rf1+ 1-0

[Event "Portugal Open 2020"]
[Site "Lisboa POR"]
[Date "2020.01.31"]
[Round "8.79"]
[White "Maissa, Susana"]
[Black "Barreiros, Cilauro"]
[Result "1-0"]
[WhiteElo "1361"]
[BlackElo "1759"]
[WhiteFideId "1954202"]
[BlackFideId "1907018"]
[WhiteCountry "POR"]
[BlackCountry "POR"]
[PlyCount "105"]
[EventDate "2020.01.25"]

1. d4 c5 2. Nf3 e6 3. Bf4 d5 4. e3 Nf6 5. c3 Nh5 6. Bg5 Qb6 7. Qb3 Qxb3 8. axb3
h6 9. Bh4 g5 10. Bg3 Nxg3 11. hxg3 Bg7 12. Nbd2 cxd4 13. Nxd4 Bd7 14. Bb5 Bxb5
15. Nxb5 Na6 16. Rxa6 bxa6 17. Nc7+ Kd7 18. Nxa8 Bf6 19. Ke2 Kc6 20. Ra1 Kb7 21.
Nc7 Kxc7 22. Rxa6 Kb7 23. Ra4 Rd8 24. Nf3 Rd6 25. Nd4 Rb6 26. b4 Bxd4 27. exd4
Rb5 28. b3 Rb6 29. c4 a6 30. c5 Rb5 31. Kd3 Ka7 32. Kc3 Rb7 33. Ra5 Rb5 34. Rxb5
axb5 35. Kd3 f5 36. f3 Kb7 37. Ke3 Kc6 38. g4 f4+ 39. Kf2 Kd7 40. g3 e5 41. dxe5
d4 42. gxf4 gxf4 43. Ke2 Ke6 44. Kd3 Kxe5 45. c6 Kd6 46. c7 Kxc7 47. Kxd4 Kd6
48. Ke4 Ke6 49. Kxf4 Kf6 50. Ke4 Ke6 51. f4 Kf6 52. f5 Kg5 53. Kf3 1-0

[Event "Portugal Open 2020"]
[Site "Lisboa POR"]
[Date "2020.01.31"]
[Round "8.81"]
[White "Trinkl, Stefan"]
[Black "Correia, Pedro Mourão"]
[Result "1/2-1/2"]
[WhiteElo "1814"]
[BlackElo "1542"]
[WhiteFideId "16250281"]
[BlackFideId "1959522"]
[WhiteCountry "GER"]
[BlackCountry "POR"]
[PlyCount "70"]
[EventDate "2020.01.25"]

1. e4 d5 2. exd5 Nf6 3. Nc3 Nxd5 4. g3 c6 5. Bg2 g6 6. Nxd5 cxd5 7. Qf3 e6 8.
Qc3 d4 9. Qb3 Nc6 10. Nf3 Bg7 11. d3 O-O 12. h4 e5 13. Ng5 Qc7 14. Bd2 a5 15. a4
Ne7 16. O-O h6 17. Nh3 Be6 18. c4 dxc3 19. Qxc3 Qd7 20. Kh2 e4 21. Qa3 exd3 22.
Nf4 Nc6 23. Be3 Nb4 24. Rad1 Bc4 25. Nxd3 Bxd3 26. Be4 Be5 27. Bxd3 Qe7 28. Rfe1
Qxh4+ 29. Kg2 Qf6 30. Re2 Kg7 31. Bb5 Qe6 32. Bf4 f6 33. Rd7+ Rf7 34. Rxf7+ Kxf7
35. Bxe5 Qd5+ 1/2-1/2

[Event "Portugal Open 2020"]
[Site "Lisboa POR"]
[Date "2020.01.31"]
[Round "8.82"]
[White "Almeida, José António"]
[Black "Chávez Dulce, Angie"]
[Result "1/2-1/2"]
[WhiteElo "1538"]
[BlackElo "1771"]
[WhiteFideId "1958143"]
[BlackFideId "4407059"]
[WhiteCountry "POR"]
[BlackCountry "COL"]
[PlyCount "29"]
[EventDate "2020.01.25"]

1. d4 Nf6 2. Bf4 g6 3. e3 Bg7 4. Nf3 O-O 5. Nbd2 d6 6. h3 Nbd7 7. Be2 c5 8. c3
a6 9. a4 b6 10. O-O Bb7 11. Qb1 Re8 12. Rc1 e5 13. Bh2 Qe7 14. b4 exd4 15. cxd4
1/2-1/2

[Event "Portugal Open 2020"]
[Site "Lisboa POR"]
[Date "2020.01.31"]
[Round "8.83"]
[White "Artozqui Irurzun, Ernesto"]
[Black "Guerreiro, Paulo"]
[Result "1/2-1/2"]
[WhiteElo "1241"]
[BlackElo "1757"]
[WhiteFideId "54581826"]
[BlackFideId "1902105"]
[WhiteCountry "ESP"]
[BlackCountry "POR"]
[PlyCount "69"]
[EventDate "2020.01.25"]

1. c4 Nf6 2. Nc3 e6 3. g3 d5 4. cxd5 exd5 5. d4 c6 6. Bg2 Bb4 7. a3 Ba5 8. b4
Bc7 9. Bg5 h6 10. Bxf6 Qxf6 11. e4 dxe4 12. Nxe4 Qe7 13. Ne2 O-O 14. O-O Bg4 15.
Re1 a5 16. d5 Rd8 17. Qb3 axb4 18. d6 Bxd6 19. Nxd6 Qxd6 20. Rad1 Qc7 21. Rxd8+
Qxd8 22. Qxb4 Qa5 23. Nc3 Qxb4 24. axb4 Be6 25. b5 Ra3 26. Rc1 Rb3 27. bxc6 Nxc6
28. Bxc6 bxc6 29. Ne2 Bd5 30. Nd4 Rb7 31. Nf5 h5 32. Re1 Be6 33. Nd4 Bd7 34. Rc1
g6 35. Nxc6 1/2-1/2

[Event "Portugal Open 2020"]
[Site "Lisboa POR"]
[Date "2020.01.31"]
[Round "8.84"]
[White "Reis, Fátima"]
[Black "Bornand, Herbert"]
[Result "1/2-1/2"]
[WhiteElo "1519"]
[BlackElo "1722"]
[WhiteFideId "10100423"]
[BlackFideId "1313207"]
[WhiteTitle "WCM"]
[WhiteCountry "ANG"]
[BlackCountry "SUI"]
[PlyCount "28"]
[EventDate "2020.01.25"]

1. e4 d5 2. exd5 Nf6 3. Nf3 Nxd5 4. d4 Bg4 5. Bc4 Nc6 6. Be3 e6 7. Bxd5 Qxd5 8.
a3 Bd6 9. Nc3 Qh5 10. h3 O-O-O 11. Qe2 Rd7 12. O-O-O Bxf3 13. Qxf3 Qxf3 14. gxf3
Be7 1/2-1/2

[Event "Portugal Open 2020"]
[Site "Lisboa POR"]
[Date "2020.01.31"]
[Round "8.85"]
[White "Gomes, Tiago Miguel"]
[Black "García Ortega, Manuel"]
[Result "0-1"]
[WhiteElo "1182"]
[BlackElo "1705"]
[WhiteFideId "1936204"]
[BlackFideId "2227533"]
[WhiteCountry "POR"]
[BlackCountry "ESP"]
[PlyCount "66"]
[EventDate "2020.01.25"]

1. c4 g6 2. Nc3 Bg7 3. g3 Nc6 4. Bg2 d6 5. e3 e5 6. Nge2 Bg4 7. h3 Be6 8. d3 f5
9. f4 Qd7 10. Qb3 Rb8 11. Qc2 a6 12. b3 Nf6 13. Rb1 O-O 14. Ba3 Rfe8 15. Nd5 e4
16. Nxf6+ Bxf6 17. d4 d5 18. cxd5 Bxd5 19. Rd1 Be7 20. Bb2 Nb4 21. Qb1 Nd3+ 22.
Kd2 Nf2 23. Rc1 Nxh1 24. Bxh1 c5 25. Qa1 cxd4 26. Bxd4 Bb4+ 27. Kd1 Rbc8 28. Nc3
Bxc3 29. Rxc3 Rxc3 30. Qxc3 Rc8 31. Qb2 Qb5 32. Bg2 Qd3+ 33. Ke1 Rc2 0-1

[Event "Portugal Open 2020"]
[Site "Lisboa POR"]
[Date "2020.01.31"]
[Round "8.86"]
[White "Clemente, António J"]
[Black "Asvestopoulou, Evdokia"]
[Result "1-0"]
[WhiteElo "1163"]
[BlackElo "1688"]
[WhiteFideId "1961799"]
[BlackFideId "4219198"]
[WhiteCountry "POR"]
[BlackCountry "GRE"]
[PlyCount "73"]
[EventDate "2020.01.25"]

1. Nf3 Nf6 2. e4 g6 3. d3 Bg7 4. Nbd2 d6 5. g3 O-O 6. Bg2 c5 7. O-O Nc6 8. a4
Rb8 9. Re1 Qc7 10. c3 a6 11. Nc4 b5 12. axb5 axb5 13. Ne3 Be6 14. Ng5 Bd7 15.
Nd5 Qb7 16. Bf4 Rfe8 17. Nxf6+ Bxf6 18. h4 b4 19. Rc1 Qa6 20. Nf3 Bg4 21. Qd2
Bg7 22. e5 Bxf3 23. Bxf3 Nxe5 24. Bxe5 Bxe5 25. h5 Qa2 26. Rc2 Rec8 27. d4 cxd4
28. cxd4 Rxc2 29. Qxc2 Bxd4 30. Qc7 Re8 31. Re2 Bxb2 32. h6 Qb1+ 33. Kg2 Qc1 34.
Rxe7 Rf8 35. Rxf7 Qxh6 36. Bd5 Rxf7 37. Qxf7+ 1-0

[Event "Portugal Open 2020"]
[Site "Lisboa POR"]
[Date "2020.01.31"]
[Round "8.87"]
[White "Almeida, Ângelo"]
[Black "Gama, João Tiago"]
[Result "1/2-1/2"]
[WhiteElo "1669"]
[BlackElo "1214"]
[WhiteFideId "1910329"]
[BlackFideId "1961160"]
[WhiteCountry "POR"]
[BlackCountry "POR"]
[PlyCount "121"]
[EventDate "2020.01.25"]

1. d4 d5 2. c4 e6 3. Nc3 Nf6 4. cxd5 exd5 5. Bg5 Be7 6. Nf3 h6 7. Bh4 O-O 8. Qc2
c5 9. Bxf6 Bxf6 10. dxc5 Nc6 11. e3 Qa5 12. Bd3 Qxc5 13. a3 Bxc3+ 14. bxc3 Re8
15. O-O Bg4 16. Nd2 Ne5 17. Rfb1 Nxd3 18. Qxd3 b6 19. Rb5 Qc7 20. Rxd5 Rad8 21.
Rd4 g6 22. Re1 Rd7 23. Qb5 Be6 24. Ne4 Kg7 25. Red1 Ree7 26. Rxd7 Bxd7 27. Qd3
Bf5 28. Qd4+ Qe5 29. Nd6 Bc2 30. Rd2 Bb3 31. Rb2 Bd5 32. Rb5 Qxd4 33. cxd4 Rc7
34. h3 Bc6 35. Rb4 Bd7 36. Rc4 Rxc4 37. Nxc4 Kf6 38. e4 b5 39. Ne5 Be8 40. Kf1
a5 41. Ke1 b4 42. axb4 axb4 43. Kd2 Bb5 44. f4 Bf1 45. Ng4+ Ke6 46. Ne3 Bb5 47.
g4 h5 48. d5+ Ke7 49. g5 Bd7 50. h4 Bb5 51. Nc2 b3 52. Nd4 b2 53. Kc2 Bd3+ 54.
Kxb2 Bxe4 55. Nc6+ Kd6 56. Nd4 Kxd5 57. Kc3 Bf5 58. Nxf5 gxf5 59. Kd3 Kc5 60.
Kc3 Kd5 61. Kd3 1/2-1/2

[Event "Portugal Open 2020"]
[Site "Lisboa POR"]
[Date "2020.01.31"]
[Round "8.88"]
[White "Gonçalves, Carlos"]
[Black "Ferreira, Miguel Limão"]
[Result "1/2-1/2"]
[WhiteElo "1638"]
[BlackElo "1530"]
[WhiteFideId "1912879"]
[BlackFideId "1952137"]
[WhiteCountry "POR"]
[BlackCountry "POR"]
[PlyCount "85"]
[EventDate "2020.01.25"]

1. Nf3 d5 2. d4 e6 3. g3 Nf6 4. Bg2 c5 5. O-O Nc6 6. c4 dxc4 7. Qa4 Bd7 8. Qxc4
Be7 9. dxc5 Qa5 10. Be3 O-O 11. a3 Nd5 12. b4 Ncxb4 13. Nc3 Nxe3 14. axb4 Qxa1
15. fxe3 Qb2 16. Ne5 Bc6 17. Nxc6 bxc6 18. Bxc6 Rac8 19. Bf3 a5 20. Rb1 Qc2 21.
Be4 Qd2 22. Kf2 axb4 23. Na4 Bg5 24. Rb3 Rc7 25. h4 Ra7 26. Rd3 Bxe3+ 27. Rxe3
Rxa4 28. Bc2 b3 29. Qxb3 Ra1 30. Qc3 Qc1 31. Re5 Qg1+ 32. Kf3 Rf1+ 33. Kg4 f5+
34. Kh5 Rf6 35. Rxe6 Rxe6 36. Bb3 Kf7 37. Bxe6+ Kxe6 38. Qb3+ Kd7 39. Qb7+ Ke6
40. Qc6+ Ke5 41. Qd6+ Ke4 42. Qd3+ Ke5 43. Qd6+ 1/2-1/2

[Event "Portugal Open 2020"]
[Site "Lisboa POR"]
[Date "2020.01.31"]
[Round "8.89"]
[White "Barrento, Jorge"]
[Black "Heid, Magdalene"]
[Result "1-0"]
[WhiteElo "1715"]
[BlackElo "1414"]
[WhiteFideId "1906500"]
[BlackFideId "16276957"]
[WhiteCountry "POR"]
[BlackCountry "GER"]
[PlyCount "29"]
[EventDate "2020.01.25"]

1. d4 e6 2. Nc3 d5 3. Bf4 Bb4 4. Qd3 Ne7 5. a3 Bd6 6. Bd2 a6 7. e4 dxe4 8. Nxe4
O-O 9. Nf3 b5 10. Nfg5 Ng6 11. h4 Bf4 12. Bb4 Bd6 13. Bxd6 cxd6 14. h5 Nf4 15.
Nf6+ 1-0

[Event "Portugal Open 2020"]
[Site "Lisboa POR"]
[Date "2020.01.31"]
[Round "8.90"]
[White "Alves, Luís"]
[Black "Tacuchian, Marcelo"]
[Result "0-1"]
[WhiteElo "1686"]
[BlackElo "1363"]
[WhiteFideId "1903110"]
[BlackFideId "1964208"]
[WhiteCountry "POR"]
[BlackCountry "BRA"]
[PlyCount "112"]
[EventDate "2020.01.25"]

1. c4 c5 2. Nf3 g6 3. g3 Bg7 4. Bg2 d6 5. O-O Nf6 6. Nc3 Nc6 7. a3 Rb8 8. Rb1
O-O 9. b4 Bg4 10. h3 Bf5 11. d3 Qc8 12. Kh2 Nd7 13. Nd5 Re8 14. e4 Be6 15. Nf4
Nd4 16. Nxe6 Nxe6 17. Bb2 cxb4 18. Bxg7 Kxg7 19. Rxb4 Ne5 20. Qd2 b6 21. h4 Rd8
22. Bh3 Qa6 23. a4 f6 24. Ra1 Qa5 25. Bf1 Nc5 26. Kg2 Nexd3 27. Bxd3 Nxd3 28.
Qxd3 Qxb4 29. Nd4 Rdc8 30. Rc1 Qxa4 31. h5 Kf7 32. hxg6+ hxg6 33. Nf3 Rc5 34.
Qd2 Rh8 35. Nh4 Rg5 36. Nf3 Rc5 37. Rc2 Qc6 38. Qd3 Qc8 39. Nh4 Qg4 40. f3 Qc8
41. Kf2 Qh3 42. Rc1 g5 43. Nf5 Qh2+ 44. Ke3 Qb2 45. Rc2 Qb1 46. Qe2 Rh1 47. Kd2
Ra5 48. Ne3 Qb4+ 49. Rc3 Ra2+ 50. Nc2 Qc5 51. f4 Qg1 52. Kd3 Qxg3+ 53. Kd2 Qxf4+
54. Qe3 Qxe3+ 55. Rxe3 Rh2+ 56. Kd3 Raxc2 0-1

[Event "Portugal Open 2020"]
[Site "Lisboa POR"]
[Date "2020.01.31"]
[Round "8.91"]
[White "Fonseca, René Gil"]
[Black "Lages, Duarte"]
[Result "0-1"]
[WhiteElo "1332"]
[BlackElo "1548"]
[WhiteFideId "1957767"]
[BlackFideId "2161680"]
[WhiteCountry "POR"]
[BlackCountry "POR"]
[PlyCount "66"]
[EventDate "2020.01.25"]

1. e4 c6 2. d4 d5 3. Nc3 dxe4 4. Nxe4 h6 5. Nf3 Bf5 6. Ng3 Bh7 7. Be2 Nd7 8. O-O
Qc7 9. c4 e6 10. Bd3 Bxd3 11. Qxd3 Ngf6 12. Ne2 c5 13. Bf4 Bd6 14. Bxd6 Qxd6 15.
Rfe1 cxd4 16. Qxd4 Qxd4 17. Nexd4 O-O 18. b3 a6 19. Rad1 Rfd8 20. Kf1 Nc5 21.
Nc2 Nd3 22. Re2 Nb2 23. Rdd2 Nd1 24. Ncd4 Nc3 25. Re3 Nb1 26. Rd1 Na3 27. Red3
b5 28. b4 Nxc4 29. Nc6 Rxd3 30. Rxd3 Nd5 31. Nd2 Kf8 32. Nd4 Nxb4 33. Rb3 Nxd2+
0-1